000 01989cam a22005534i 4500
003 PE-LiUPU
005 20250731184540.0
008 190314s2003 mauab rb 001 0 eng d
020 _a039104205X
020 _a9780391042056
035 _a(Sirsi) a251960
040 _aPE-LiUPU
_bspa
_cPE-LiUPU
_erda
_dPE-LiUPU
_erda
049 _aPRUA
082 0 4 _a933.05092
_bJ74
_220
100 1 _aJosephus, Flavius,
_eautor.
240 1 _aVita.
_lEnglish
245 1 0 _aLife of Josephus /
_cFlavius Josephus ; Translation and commentary by Steve Mason.
264 1 _aLeiden :
_bBrill,
_c2003.
300 _aliv, 287 páginas :
_bilustraciones, mapas ;
_c23 centímetros.
336 _atext
_2rdacontent
337 _aunmediated
_2rdamedia
338 _avolume
_2rdacarrier
500 _aOriginally published as v. 9 of Flavius Josephus, translation and commentary (Leiden ; Boston : Brill, 2001).
504 _aBibliografía: páginas 229-239.
504 _aÍndice: páginas 241-287.
505 0 _aGalilean archaeology -- Josephus itinerary in the life -- Life / war parallels -- Hapax Legomena in the life -- Photius, bibliotheca 33, on Iustus of Tiberias.
526 _aP136
526 _aP135
526 _aP134
526 _aP133
526 _aP144
526 _aP143
526 _aP87
526 _aP35
526 _aP20
526 _aP14
526 _aP10
526 _aP06
630 0 7 _aJosephi vita.
_2swd
650 0 4 _aJudios
_x Historia
_vObras tempranas hasta 1800.
650 7 _aJudios
_xHistoria
_yRebelión, 66-73.
700 1 _aMason, Steve,
_etraductor.
910 _adbm
_bsag
_csag
_d20190314
942 _2ddc
_cBOOK
994 _aC0
_bPEPRU
596 _a1
999 _a933.05092 J74
_wLC
_c31220
_i79995
_d31220
_f2021-11-11
_g2
_lCCODEBUL1
_mBUL
_p85.63
_q1
_r0
_sY
_tBOOK
_u2019-3-14
_xTEOLOGIA
_PP35
_0COMPRA
_o.STAFF. Colección Teología
980 _81
_gALBERTO SANCHEZ Responsable de Automatización